[Event "AUT-ch Rapid"]
[White "Gneiss, Karl"]
[Black "Horvath, Reka"]
[Site "Innsbruck"]
[Round "7"]
[Result "1-0"]
[Date "2024.05.31"]
[WhiteElo "2032"]
[BlackElo "1957"]
[PlyCount "65"]
[EventDate "2024.05.30"]
[EventType "swiss (rapid)"]
[EventRounds "9"]
[EventCountry "AUT"]
[SourceTitle "CBM 220 Extra"]
[Source "ChessBase"]
[SourceDate "2024.07.31"]
[SourceVersion "1"]
[SourceVersionDate "2024.07.31"]
[SourceQuality "1"]

1. c4 Nf6 2. Nf3 g6 3. Nc3 c5 4. g3 Bg7 5. Bg2 Nc6 6. 0-0 0-0 7. d4 cxd4 8. Nxd4 Nxd4 9. Qxd4 d6 10. Qd3 Bf5 11. e4 Be6 12. b3 Qd7 13. Re1 Bh3 14. Bh1 Ng4 15. Bb2 Bh6 16. Rad1 Ne5 17. Qe2 f5 18. Nd5 e6 19. Nf6+ Rxf6 20. Bxe5 Raf8 21. Bxf6 Rxf6 22. e5 Rf8 23. exd6 f4 24. f3 fxg3 25. hxg3 Rf6 26. Kh2 g5 27. g4 Bf8 28. Qe5 Rh6 29. Kg3 Bg7 30. Qxg5 e5 31. Qe7 Qc6 32. d7 Bf6 33. d8Q+ 1-0

[Event "AUT-ch Rapid"]
[White "Gneiss, Karl"]
[Black "Erlacher, Herbert"]
[Site "Innsbruck"]
[Round "3"]
[Result "1-0"]
[Date "2024.05.30"]
[WhiteElo "2032"]
[BlackElo "1899"]
[PlyCount "117"]
[EventDate "2024.05.30"]
[EventType "swiss (rapid)"]
[EventRounds "9"]
[EventCountry "AUT"]
[SourceTitle "CBM 220 Extra"]
[Source "ChessBase"]
[SourceDate "2024.07.31"]
[SourceVersion "1"]
[SourceVersionDate "2024.07.31"]
[SourceQuality "1"]

1. c4 f5 2. d4 Nf6 3. Nf3 e6 4. Nc3 Be7 5. g3 d5 6. Bg2 c6 7. b3 0-0 8. 0-0 Ne4 9. Bb2 Bf6 10. Qd3 Nd7 11. Rfd1 b6 12. cxd5 exd5 13. Rac1 Bb7 14. e3 Qe8 15. Ne2 Rc8 16. Ba3 Rf7 17. Nf4 g6 18. Qe2 Bg7 19. Nd3 h6 20. Bb2 g5 21. Nfe5 Nxe5 22. Nxe5 Bxe5 23. dxe5 Qe6 24. b4 g4 25. a3 Kh7 26. Bf1 Ng5 27. Bg2 Rfc7 28. Qd3 Ne4 29. Qb3 Ba6 30. Bf1 Bxf1 31. Kxf1 Ng5 32. Qd3 Ne4 33. b5 Nc5 34. Qb1 cxb5 35. Rxd5 Ne4 36. Rxc7+ Rxc7 37. Rd8 Rd7 38. Rxd7+ Qxd7 39. Qc2 Nd2+ 40. Ke2 Nc4 41. Bd4 Qe6 42. e4 Kg6 43. a4 a6 44. axb5 axb5 45. Qd3 Nxe5 46. exf5+ Qxf5 47. Bxe5 Qxd3+ 48. Kxd3 Kf5 49. Bc7 Ke6 50. Bxb6 Kd5 51. Be3 h5 52. Bd2 Kc5 53. Bc3 b4 54. Bb2 Kb5 55. Ke4 Kc4 56. Kf4 Kd3 57. Kg5 Ke2 58. Bd4 b3 59. Kh4 1-0

[Event "AUT-ch Seniors 65"]
[White "Gneiss, Karl"]
[Black "Groiss, Werner"]
[Site "Deutschlandsberg"]
[Round "7.2"]
[Result "1-0"]
[Date "2019.05.04"]
[WhiteElo "2082"]
[BlackElo "1808"]
[PlyCount "45"]
[EventDate "2019.04.28"]
[EventType "swiss"]
[EventRounds "7"]
[EventCountry "AUT"]
[SourceTitle "EXT 2024"]
[Source "ChessBase"]
[SourceDate "2023.10.10"]
[SourceVersion "1"]
[SourceVersionDate "2023.10.10"]
[SourceQuality "1"]

1. c4 e5 2. Nc3 Bb4 3. Nf3 Bxc3 4. bxc3 e4 5. Nd4 d6 6. g3 Nf6 7. Bg2 0-0 8. 0-0 Bd7 9. Rb1 c5 10. Nc2 Bc6 11. Ne3 Nbd7 12. d4 exd3 13. exd3 Bxg2 14. Nxg2 Qc7 15. g4 Ne5 16. Ne3 Qd7 17. h3 h5 18. f4 Nexg4 19. hxg4 hxg4 20. f5 Rae8 21. Nxg4 Nxg4 22. Qxg4 Re5 23. d4 1-0

[Event "WchT Seniors 65"]
[White "Gneiss, Karl"]
[Black "Hutchinson, Norman A"]
[Site "Radebeul"]
[Round "6.13"]
[Result "0-1"]
[Date "2016.07.01"]
[WhiteElo "2183"]
[BlackElo "2061"]
[PlyCount "64"]
[EventDate "2016.06.26"]
[EventType "team-swiss"]
[EventRounds "9"]
[EventCountry "GER"]
[SourceTitle "CBM 173 Extra"]
[Source "ChessBase"]
[SourceDate "2016.08.29"]
[SourceVersion "1"]
[SourceVersionDate "2016.08.29"]
[SourceQuality "1"]
[WhiteTeam "Niederoesterreich"]
[BlackTeam "England II"]
[WhiteTeamCountry "AUT"]
[BlackTeamCountry "ENG"]

1. c4 Nf6 2. Nc3 e6 3. e4 c5 4. Nf3 Nc6 5. Be2 d5 6. exd5 exd5 7. cxd5 Nxd5 8. 0-0 Nc7 9. d3 Ne6 10. Be3 Be7 11. Qb3 0-0 12. Rfd1 Bf6 13. Ne4 Bd4 14. Qc4 b6 15. Rab1 a5 16. a3 Ba6 17. Qa2 h6 18. Nc3 Qd6 19. Qd5 Rad8 20. Qf5 Rfe8 21. Qg4 Kh8 22. Nh4 Bxe3 23. fxe3 Qe5 24. Ne4 Ng5 25. Nf3 Nxf3+ 26. Qxf3 c4 27. Nf2 cxd3 28. Nxd3 Qxe3+ 29. Kf1 Qxf3+ 30. gxf3 Nd4 31. Nf4 Nxe2 32. Rxd8 Nxf4+ 0-1

[Event "EU-chT Seniors"]
[White "Yuksel, Mustafa"]
[Black "Gneiss, Karl"]
[Site "Vienna"]
[Round "6.12"]
[Result "0-1"]
[Date "2015.07.17"]
[WhiteElo "2010"]
[BlackElo "2174"]
[PlyCount "41"]
[EventDate "2015.07.12"]
[EventType "team-swiss"]
[EventRounds "9"]
[EventCountry "AUT"]
[SourceTitle "EXT 2018"]
[Source "ChessBase"]
[SourceDate "2017.10.13"]
[SourceVersion "1"]
[SourceVersionDate "2017.10.13"]
[SourceQuality "1"]
[WhiteTeam "Turkey"]
[BlackTeam "Austria II"]
[WhiteTeamCountry "TUR"]
[BlackTeamCountry "AUT"]

1. d4 d5 2. Nf3 Nf6 3. c4 c6 4. e3 Bf5 5. Nc3 e6 6. Nh4 Bg6 7. Nxg6 hxg6 8. a3 a5 9. g3 Nbd7 10. Bd2 Bd6 11. c5 Bb8 12. f4 Ne4 13. Nxe4 dxe4 14. Bg2 Nf6 15. 0-0 a4 16. b4 Qd5 17. Rb1 g5 18. fxg5 Qxg5 19. Qe2 Rxh2 20. Kxh2 Qxg3+ 21. Kg1 0-1

[Event "EU-chT Seniors 15th"]
[White "Jorgensen, Jorgen"]
[Black "Gneiss, Karl"]
[Site "Dresden"]
[Round "6"]
[Result "1/2-1/2"]
[Date "2013.07.25"]
[WhiteElo "2242"]
[BlackElo "2134"]
[PlyCount "29"]
[EventDate "2013.07.20"]
[EventType "team-swiss"]
[EventRounds "9"]
[EventCountry "GER"]
[SourceTitle "CBM 155 Extra"]
[Source "ChessBase"]
[SourceDate "2013.08.26"]
[SourceVersion "1"]
[SourceVersionDate "2013.08.26"]
[SourceQuality "1"]
[WhiteTeam "Norresundby"]
[BlackTeam "Salzburg"]
[WhiteTeamCountry "DEN"]
[BlackTeamCountry "AUT"]

1. Nf3 c5 2. g3 Nc6 3. Bg2 g6 4. c4 Bg7 5. 0-0 e5 6. Nc3 Nge7 7. a3 d5 8. cxd5 Nxd5 9. d3 Qd7 10. Be3 b6 11. Rc1 Bb7 12. Qa4 0-0 13. b4 cxb4 14. axb4 Rfd8 15. Qb3 1/2-1/2

[Event "EU-chT Seniors 11th"]
[White "Gneiss, Karl"]
[Black "Nagorni, Walter"]
[Site "Velden"]
[Round "9"]
[Result "1/2-1/2"]
[Date "2009.04.13"]
[WhiteElo "2119"]
[BlackElo "2127"]
[PlyCount "75"]
[EventDate "2009.04.05"]
[EventType "team-swiss"]
[EventRounds "9"]
[EventCountry "AUT"]
[SourceTitle "CBM 129 Extra"]
[Source "ChessBase"]
[SourceDate "2009.05.05"]
[SourceVersion "2"]
[SourceVersionDate "2009.05.20"]
[SourceQuality "1"]

1. e4 c5 2. Nf3 Nc6 3. d4 cxd4 4. Nxd4 g6 5. Nc3 Bg7 6. Be3 Nf6 7. Bc4 Qa5 8. 0-0 0-0 9. Bb3 d6 10. f3 Bd7 11. Qd2 Nxd4 12. Bxd4 Bc6 13. Rad1 Nd7 14. Nd5 Bxd4+ 15. Qxd4 Bxd5 16. Bxd5 Rfc8 17. c3 Qc5 18. Bb3 b5 19. Rf2 Rc7 20. g3 a5 21. a3 Qxd4 22. cxd4 b4 23. a4 Rac8 24. Kg2 Nb6 25. Re2 Kf8 26. Kf2 Rc1 27. Rxc1 Rxc1 28. Rc2 Rxc2+ 29. Bxc2 Nc4 30. b3 Nb6 31. Ke3 f6 32. d5 Ke8 33. Kd4 Kd8 34. f4 h6 35. e5 g5 36. exf6 exf6 37. Bh7 Nd7 38. Kc4 1/2-1/2

[Event "EU-chT Seniors 11th"]
[White "Ghijsen, Pim"]
[Black "Gneiss, Karl"]
[Site "Velden"]
[Round "8"]
[Result "1/2-1/2"]
[Date "2009.04.12"]
[WhiteElo "2165"]
[BlackElo "2119"]
[PlyCount "39"]
[EventDate "2009.04.05"]
[EventType "team-swiss"]
[EventRounds "9"]
[EventCountry "AUT"]
[SourceTitle "CBM 129 Extra"]
[Source "ChessBase"]
[SourceDate "2009.05.05"]
[SourceVersion "2"]
[SourceVersionDate "2009.05.20"]
[SourceQuality "1"]

1. d4 Nf6 2. Nf3 c5 3. c3 cxd4 4. cxd4 d5 5. Nc3 Nc6 6. Bf4 e6 7. e3 Bd6 8. Bg3 0-0 9. Bd3 b6 10. a3 Bb7 11. Ne5 Rc8 12. 0-0 a6 13. Nxc6 Rxc6 14. Rc1 Bxg3 15. hxg3 Qd6 16. Qe2 b5 17. Na2 Rfc8 18. Rxc6 Rxc6 19. Rc1 g6 20. Rc2 1/2-1/2

[Event "EU-chT Seniors 11th"]
[White "Gneiss, Karl"]
[Black "Perman, Torvald"]
[Site "Velden"]
[Round "6"]
[Result "1/2-1/2"]
[Date "2009.04.10"]
[WhiteElo "2119"]
[BlackElo "2048"]
[PlyCount "64"]
[EventDate "2009.04.05"]
[EventType "team-swiss"]
[EventRounds "9"]
[EventCountry "AUT"]
[SourceTitle "CBM 129 Extra"]
[Source "ChessBase"]
[SourceDate "2009.05.05"]
[SourceVersion "2"]
[SourceVersionDate "2009.05.20"]
[SourceQuality "1"]

1. e4 c5 2. c3 d5 3. exd5 Qxd5 4. d4 Nf6 5. Nf3 e6 6. Bd3 Nc6 7. 0-0 Be7 8. Be3 cxd4 9. cxd4 0-0 10. Nc3 Qd6 11. Qe2 Nb4 12. Bc4 b6 13. Nb5 Qd8 14. Rac1 Bb7 15. Rfd1 Nbd5 16. Ne5 a6 17. Nc3 b5 18. Bd3 Rc8 19. f3 Nxe3 20. Qxe3 Qa5 21. Bb1 Rfd8 22. Ne4 Nxe4 23. fxe4 Qb4 24. Rxc8 Rxc8 25. b3 h6 26. Nf3 Qc3 27. Qxc3 Rxc3 28. Kf2 Ba3 29. Ke2 Rc1 30. Rxc1 Bxc1 31. Bd3 Kf8 32. Kd1 Ba3 1/2-1/2

[Event "EU-chT Seniors 11th"]
[White "Kristiansen, Erling"]
[Black "Gneiss, Karl"]
[Site "Velden"]
[Round "3"]
[Result "1/2-1/2"]
[Date "2009.04.07"]
[WhiteElo "2231"]
[BlackElo "2119"]
[PlyCount "30"]
[EventDate "2009.04.05"]
[EventType "team-swiss"]
[EventRounds "9"]
[EventCountry "AUT"]
[SourceTitle "CBM 129 Extra"]
[Source "ChessBase"]
[SourceDate "2009.05.05"]
[SourceVersion "2"]
[SourceVersionDate "2009.05.20"]
[SourceQuality "1"]

1. e4 c5 2. Nf3 g6 3. c3 Bg7 4. d4 cxd4 5. cxd4 d5 6. e5 Nc6 7. Nc3 Bg4 8. Be2 e6 9. Ng5 Bxe2 10. Nxe2 Nge7 11. 0-0 0-0 12. Nf3 Nf5 13. Bd2 Qb6 14. Qa4 Rac8 15. Rac1 Bh6 1/2-1/2

[Event "EU-chT Seniors 11th"]
[White "Gneiss, Karl"]
[Black "Sandklef, Ake"]
[Site "Velden"]
[Round "2"]
[Result "1-0"]
[Date "2009.04.06"]
[WhiteElo "2119"]
[BlackElo "2029"]
[PlyCount "85"]
[EventDate "2009.04.05"]
[EventType "team-swiss"]
[EventRounds "9"]
[EventCountry "AUT"]
[SourceTitle "CBM 129 Extra"]
[Source "ChessBase"]
[SourceDate "2009.05.05"]
[SourceVersion "2"]
[SourceVersionDate "2009.05.20"]
[SourceQuality "1"]

1. e4 e6 2. Nf3 c5 3. c4 a6 4. Nc3 Nc6 5. Be2 Qc7 6. d4 cxd4 7. Nxd4 Nf6 8. Be3 Bb4 9. f3 0-0 10. Rc1 Re8 11. Bf2 d5 12. Nxc6 bxc6 13. 0-0 Bxc3 14. Rxc3 dxe4 15. Qc2 e5 16. Bh4 Qd6 17. Bxf6 Qxf6 18. c5 Be6 19. fxe4 Qe7 20. Rd1 Red8 21. Rcd3 Rxd3 22. Rxd3 a5 23. Rd6 Qb7 24. Qc3 Qb4 25. Qxb4 axb4 26. Rxc6 Kf8 27. Rb6 Rxa2 28. Rxb4 Ra1+ 29. Kf2 Rc1 30. Rb8+ Ke7 31. b4 Rc2 32. Ke3 Kd7 33. Rb6 Kc7 34. h3 Bd7 35. Kd3 Rb2 36. Bf3 Bc6 37. Kc3 Rb1 38. Kc2 Ra1 39. b5 Bb7 40. Rd6 Ra5 41. b6+ Kc8 42. Bg4+ Kb8 43. Rd8+ 1-0

[Event "EU-chT Seniors 11th"]
[White "Sloth, Jorn"]
[Black "Gneiss, Karl"]
[Site "Velden"]
[Round "1"]
[Result "1/2-1/2"]
[Date "2009.04.05"]
[WhiteElo "2322"]
[BlackElo "2119"]
[PlyCount "95"]
[EventDate "2009.04.05"]
[EventType "team-swiss"]
[EventRounds "9"]
[EventCountry "AUT"]
[SourceTitle "CBM 129 Extra"]
[Source "ChessBase"]
[SourceDate "2009.05.05"]
[SourceVersion "2"]
[SourceVersionDate "2009.05.20"]
[SourceQuality "1"]

1. c4 e5 2. g3 Nf6 3. Bg2 Nc6 4. Nc3 Bc5 5. e3 0-0 6. Nge2 Re8 7. d3 d6 8. 0-0 Bg4 9. h3 Bf5 10. Na4 Qd7 11. g4 Be6 12. Nec3 h6 13. Nd5 Nh7 14. f4 f5 15. gxf5 Bxf5 16. Kh2 exf4 17. e4 Be6 18. Nxc5 dxc5 19. Bxf4 Bxd5 20. cxd5 Nd4 21. e5 c6 22. dxc6 Nxc6 23. Qb3+ Kh8 24. Rae1 Nf8 25. Bg3 Ne6 26. h4 Rf8 27. Qd5 Qe7 28. Qd6 Rad8 29. Qxe7 Nxe7 30. Bh3 Nd4 31. Kg2 Nef5 32. e6 Nxg3 33. e7 Nxf1 34. Rxf1 Rfe8 35. exd8Q Rxd8 36. Rf7 b6 37. Rxa7 Re8 38. Bg4 Re3 39. Bh5 Re6 40. Bf7 Rf6 41. h5 g5 42. hxg6 Kg7 43. Ra8 Rd6 44. Rg8+ Kf6 45. Rf8 Kg7 46. Re8 Nf5 47. Rg8+ Kf6 48. Bc4 1/2-1/2

[Event "AUT-chT2M 0809"]
[White "Kubinger, Thomas"]
[Black "Gneiss, Karl"]
[Site "Austria"]
[Round "10.6"]
[Result "1-0"]
[Date "2009.03.28"]
[WhiteElo "2200"]
[BlackElo "2119"]
[PlyCount "47"]
[EventDate "2008.10.11"]
[EventType "tourn"]
[EventRounds "11"]
[EventCountry "AUT"]
[SourceTitle "EXT 2010"]
[Source "ChessBase"]
[SourceDate "2010.11.25"]
[SourceVersion "1"]
[SourceVersionDate "2010.11.25"]
[SourceQuality "1"]
[WhiteTeam "Graz Austria"]
[BlackTeam "Voecklabruck"]
[WhiteTeamCountry "AUT"]
[BlackTeamCountry "AUT"]

1. d4 Nf6 2. Bg5 d5 3. Bxf6 exf6 4. e3 Bd6 5. c4 dxc4 6. Bxc4 0-0 7. Nc3 c5 8. dxc5 Bxc5 9. Bxf7+ Kxf7 10. Qh5+ Kg8 11. Qxc5 Be6 12. Rd1 Na6 13. Qa3 Qc7 14. Nge2 Rfd8 15. 0-0 Bc4 16. Rfe1 Nc5 17. Nf4 Qc6 18. Rd4 Rxd4 19. exd4 Re8 20. Re3 Na6 21. Re7 Qd7 22. Ncd5 Nc7 23. Nxf6+ Kh8 24. Rxe8+ 1-0

[Event "AUT-chT2M 0708"]
[White "Hartl, Daniel"]
[Black "Gneiss, Karl"]
[Site "Austria"]
[Round "11.5"]
[Result "0-1"]
[Date "2008.04.06"]
[WhiteElo "2063"]
[BlackElo "2119"]
[PlyCount "76"]
[EventDate "2007.10.13"]
[EventType "team-tourn"]
[EventRounds "11"]
[EventCountry "AUT"]
[SourceTitle "EXT 2009"]
[Source "ChessBase"]
[SourceDate "2008.11.26"]
[SourceVersion "1"]
[SourceVersionDate "2008.11.26"]
[SourceQuality "1"]
[WhiteTeam "Villach Admira"]
[BlackTeam "Voecklabruck"]
[WhiteTeamCountry "AUT"]
[BlackTeamCountry "AUT"]

1. e4 c5 2. Nf3 g6 3. h4 h5 4. d4 cxd4 5. Bc4 Nc6 6. c3 d3 7. Ng5 Nh6 8. Qb3 Ne5 9. Bf4 Nxc4 10. Qxc4 d6 11. Nd2 Bg7 12. f3 Qb6 13. 0-0-0 Bd7 14. Qxd3 Rc8 15. Nb1 Qa5 16. a3 b5 17. Qd5 Qb6 18. g4 hxg4 19. h5 gxh5 20. Rxh5 gxf3 21. Rxh6 Bxh6 22. Qxf7+ Kd8 23. Qg6 Kc7 24. e5 Rcg8 25. exd6+ exd6 26. Qf6 Bxg5 27. Bxg5 Rf8 28. Qe7 f2 29. Nd2 Qc5 30. Bf6 Re8 31. Qg7 Rhg8 32. Qf7 Qf5 33. Nf1 Rgf8 34. Qb3 Rxf6 35. c4 Be6 36. Ne3 Bxc4 37. Qc3 Rxe3 38. Qxe3 Qf4 0-1

[Event "AUT-chT2M 0708"]
[White "Benda, Herbert"]
[Black "Gneiss, Karl"]
[Site "Austria"]
[Round "6.5"]
[Result "1-0"]
[Date "2008.01.26"]
[WhiteElo "2274"]
[BlackElo "2119"]
[PlyCount "79"]
[EventDate "2007.10.13"]
[EventType "team-tourn"]
[EventRounds "11"]
[EventCountry "AUT"]
[SourceTitle "EXT 2009"]
[Source "ChessBase"]
[SourceDate "2008.11.26"]
[SourceVersion "1"]
[SourceVersionDate "2008.11.26"]
[SourceQuality "1"]
[WhiteTeam "Leoben"]
[BlackTeam "Voecklabruck"]
[WhiteTeamCountry "AUT"]
[BlackTeamCountry "AUT"]

1. e4 c5 2. Nf3 g6 3. d4 cxd4 4. Nxd4 Bg7 5. Nc3 Nc6 6. Be3 Nf6 7. Be2 0-0 8. Nb3 a5 9. a4 Nb4 10. f4 d6 11. 0-0 Bd7 12. Bf3 Bc6 13. Nd5 Nfxd5 14. exd5 Bd7 15. c3 Na6 16. Qe2 b6 17. Nd4 Bxd4 18. Bxd4 Nc5 19. Ra3 Nxa4 20. f5 Nc5 21. fxg6 fxg6 22. b4 Na6 23. bxa5 bxa5 24. c4 Rb8 25. Qd2 Nc5 26. Qe3 a4 27. Bxc5 dxc5 28. Qxc5 Rc8 29. Qd4 Rf6 30. c5 e5 31. Qe3 Bb5 32. Rb1 Qe8 33. c6 e4 34. Qxe4 Qf8 35. Rc3 a3 36. Rxb5 Re8 37. Qb1 Qg7 38. Rxa3 Rxf3 39. Rxf3 Qd4+ 40. Kh1 1-0

[Event "AUT-ch qual"]
[White "Gneiss, Karl"]
[Black "Holzer, Gerhard"]
[Site "Koeflach"]
[Round "7"]
[Result "0-1"]
[Date "2006.09.08"]
[WhiteElo "2103"]
[BlackElo "2251"]
[PlyCount "72"]
[EventDate "2006.09.02"]
[EventType "swiss"]
[EventRounds "9"]
[EventCountry "AUT"]
[SourceTitle "CBM 114 Extra"]
[Source "ChessBase"]
[SourceDate "2006.11.03"]
[SourceVersion "1"]
[SourceVersionDate "2006.11.03"]
[SourceQuality "1"]

1. e4 c5 2. c3 b6 3. d4 cxd4 4. cxd4 Bb7 5. Nc3 g6 6. Bc4 Bg7 7. Nf3 a6 8. Bg5 Nf6 9. Qe2 0-0 10. e5 d5 11. Bd3 Ne8 12. 0-0 Nc6 13. Rac1 Nc7 14. Be3 Ne6 15. Rfd1 b5 16. Qd2 Re8 17. Bf1 Qd7 18. g3 Rad8 19. Ne2 f6 20. Bh3 fxe5 21. dxe5 Nxe5 22. Nxe5 Bxe5 23. Bb6 d4 24. Bxd8 Rxd8 25. Qd3 Qd5 26. Bxe6+ Qxe6 27. f3 Qxa2 28. Rc5 Bd6 29. Rc2 e5 30. b3 Qa5 31. g4 Qb6 32. Ng3 Rf8 33. Rf1 Rf4 34. Re2 Bd5 35. Ne4 Be7 36. Nc3 dxc3+ 0-1

[Event "AUT-ch qual"]
[White "Punzenberger, Franz"]
[Black "Gneiss, Karl"]
[Site "Gmunden"]
[Round "9"]
[Result "0-1"]
[Date "2005.08.21"]
[WhiteElo "2197"]
[BlackElo "2072"]
[PlyCount "66"]
[EventDate "2005.08.13"]
[EventType "swiss"]
[EventRounds "9"]
[EventCountry "AUT"]
[SourceTitle "CBM 107 Extra"]
[Source "ChessBase"]
[SourceDate "2005.09.01"]
[SourceVersion "1"]
[SourceVersionDate "2005.09.01"]
[SourceQuality "1"]

1. d4 Nf6 2. Nf3 e6 3. c4 d5 4. Nc3 Be7 5. Bg5 0-0 6. e3 Nbd7 7. Rc1 a6 8. cxd5 exd5 9. Bd3 c6 10. Qc2 Re8 11. 0-0 Nf8 12. Rce1 Ne4 13. Bxe7 Qxe7 14. Bxe4 dxe4 15. Nd2 f5 16. d5 Qd6 17. Nc4 Qg6 18. f3 b5 19. Na5 b4 20. Na4 cxd5 21. Qc5 Be6 22. Nc6 Bd7 23. Qxd5+ Qe6 24. Ne7+ Rxe7 25. Qxa8 Bxa4 26. fxe4 Bc6 27. Qxa6 Qxe4 28. Rf2 f4 29. Qc8 Re8 30. Qc7 Ne6 31. Qa5 fxe3 32. Rf3 Nd4 33. Rg3 Ne2+ 0-1

[Event "AUT-ch qual"]
[White "Karner, Christoph"]
[Black "Gneiss, Karl"]
[Site "Gmunden"]
[Round "3"]
[Result "1-0"]
[Date "2005.08.15"]
[WhiteElo "2349"]
[BlackElo "2072"]
[PlyCount "69"]
[EventDate "2005.08.13"]
[EventType "swiss"]
[EventRounds "9"]
[EventCountry "AUT"]
[SourceTitle "CBM 107 Extra"]
[Source "ChessBase"]
[SourceDate "2005.09.01"]
[SourceVersion "1"]
[SourceVersionDate "2005.09.01"]
[SourceQuality "1"]

1. d4 Nf6 2. c4 e5 3. dxe5 Ng4 4. Nf3 Bc5 5. e3 Nc6 6. Nc3 0-0 7. Be2 Ngxe5 8. Nxe5 Nxe5 9. 0-0 d6 10. Na4 Bf5 11. b3 Qe7 12. Bb2 Rad8 13. Qd2 Be4 14. f3 Bxf3 15. Bxf3 Nxc4 16. Qc3 Qxe3+ 17. Kh1 Nxb2 18. Qxe3 Bxe3 19. Nxb2 Bd4 20. Rab1 c6 21. Rfe1 Rfe8 22. Nc4 Rxe1+ 23. Rxe1 d5 24. Na5 Bc3 25. Nxb7 Rb8 26. Rc1 Bb4 27. Nc5 Re8 28. g3 g6 29. Kg2 Ba3 30. Rc2 Kf8 31. Nd7+ Ke7 32. Ne5 c5 33. Bxd5 Kd6 34. Nc4+ Kxd5 35. Nxa3 1-0